000 00598nam a2200217 a 4500
005 20210219153058.0
008 991125n 000 0 spa u
035 _aUPN01000076649
100 _aMARTIN, Marisa del Carmen
222 _aINVESTIGACION EN LA ESCUELA
245 _aEnseñar y aprender en educación infantil : algunos principios y condiciones
260 _aSevilla, España
300 _a27-34
362 _a1997 No. 33
653 0 _aCURRICULUM
653 0 _aEDUCACION INFANTIL
653 0 _aJUEGO
653 0 _aMEDIO AMBIENTE
904 _aAC
_b014460
905 _aArticulo
999 _c67921
_d67921